000 00505cam a22001931 4500
001 sa 68016307
003 DLC
005 20260227112653.0
008 890420s1965 io a 000 0 ind
010 _asa 68016307
035 _a(OCoLC)23547486
040 _aDLC
_cMiU
_dDLC
042 _apremarc
050 0 0 _aHD37.I52
_bT44
245 0 0 _aTeknik-tekhnik memimpin,
_cdan karangan² lain.
260 _a[Bandung,
_bKarya Tjotas,
_c1965]
300 _aiii, 101 p.
_billus.
_c20 cm.
650 0 _aManagement
999 _c87015
_d87015